| 000 | 00376nam a2200157Ia 4500 | ||
|---|---|---|---|
| 005 | 20250227024733.0 | ||
| 008 | 240331s9999 xx 000 0 und d | ||
| 082 |
_bTHA _22566 _a920 |
||
| 100 | _aThambiah, S. V | ||
| 245 | 0 | _aNinaivin Alaikal | |
| 260 |
_aColombo _bMallikai Panthal _c1977 |
||
| 300 | _a120 p., | ||
| 650 | _aLiterary | ||
| 650 | _aHistoriography | ||
| 942 | _cL | ||
| 999 |
_c4275 _d4275 |
||